|
|
|
|
| LEADER |
00000nam a2200000Ii 4500 |
| 001 |
DIGBN00107 |
| 003 |
NyNyDIG |
| 006 |
m o d |
| 007 |
cr ||||||||||| |
| 008 |
100625s1971 sp o 000 0bspa d |
| 020 |
|
|
|z 8470303775
|
| 020 |
|
|
|z 9788470303777
|
| 035 |
|
|
|a (OCoLC)888258114
|
| 040 |
|
|
|a DGITA
|b eng
|e pn
|c DGITA
|
| 050 |
1 |
4 |
|a BX1286 eBook
|
| 100 |
1 |
|
|a Gascón de Gotor, A.
|q (Anselmo)
|
| 245 |
1 |
0 |
|a Pedro de Luna :
|b el pontífice que no cedió /
|c A. Gascón de Gotor.
|
| 250 |
|
|
|a 2. ed.
|
| 264 |
|
1 |
|a Madrid :
|b Biblioteca Nueva,
|c 1971.
|
| 300 |
|
|
|a 1 online resource (325 pages)
|
| 336 |
|
|
|a text
|b txt
|2 rdacontent
|
| 337 |
|
|
|a computer
|b c
|2 rdamedia
|
| 338 |
|
|
|a online resource
|b cr
|2 rdacarrier
|
| 500 |
|
|
|a First published: Biblioteca Nueva, 1956.
|
| 505 |
0 |
|
|a Prefacio -- Aragón y Castilla: El soldado y el erudito -- Cisma en la Iglesia: Clementinos y urbanistas -- El cardenal de Aragón: Papa Benedicto -- El santo Grial. La embajada de los duques y la de los reyes. "Papa me creo" -- Sitio de Aviñón. El Pontífice, soldado -- La evasión: "Estoy en mis trece" -- La vía de convención: El mar, ruta pontificia -- Pisa, Tortosa y Constanza: El afán de los Concilios. La lección de Caspe -- Las conferencias de Perpiñán: Fracaso de Segismundo y defección de maestro Vicente -- Peñíscola, refugio de Luna. El arca de Noé -- Deposición, veneno y testamento. La vida del cuerpo -- Asi extinguióse la vida de Benedicto y acabó el gran Cisma de Occidente. Un sepulcro que aguarda en vano -- Los libros de Pedro de Luna -- Las donaciones del Papa Luna -- Los escritos de Benedicto -- Y una oración.
|
| 655 |
|
0 |
|a Electronic books.
|
| 600 |
0 |
0 |
|a Benedict
|b XIII,
|c Antipope,
|d 1342-1423?
|
| 650 |
|
0 |
|a Antipopes
|v Biography.
|
| 650 |
|
0 |
|a Schism, The Great Western, 1378-1417.
|
| 791 |
2 |
|
|a Digitalia (Firm),
|e distributor.
|
| 793 |
0 |
|
|g Digitalia eBook Collection:
|a Biblioteca Nueva
|
| 856 |
4 |
0 |
|3 Digitalia Hispánica
|u https://www.digitaliapublishing.com/a/1989/
|
| 910 |
|
|
|a Premium Collection: 2007-2012
|